Zebra časopis bojnickej ZOO

Podrobná bibliografia
Ďalší autori: Kubíčková, Simona (Šéfredaktor, zodpovedný redaktor)
Médium: Seriál
Jazyk:slovenčina
Fyzický popis:3 zv. 30 cm
Vydavateľské údaje: Bojnice Zoologická záhrada Bojnice 2016-2017
Bojnice Národná zoologická záhrada Bojnice
ISSN:2453-7861
Predmet:

MARC

LEADER 00000cas a2200000 a 4500
001 vtls011582916
003 SK-MaSNL
005 20260310142732.0
008 160929d20162019xo fr| 001 b0slo
022 |a 2453-7861 
040 |a SVKPO  |b slo  |c SVKPO  |d SVKBB  |d SNK  |e AACR2 
041 0 |a slo 
043 |a e-xo--- 
044 |a xo  |c SK 
072 7 |a 59  |x Zoológia  |2 konspekt 
072 7 |a 636  |x Chov zvierat. Živočíšna výroba  |2 konspekt 
080 |a 59  |2 2011 
080 |a 592/599  |2 2011 
080 |a 636.1/.9  |2 2001 
080 |a 59:069.029  |2 2011 
080 |a 636.083  |2 2011 
080 |a 050  |2 2011 
080 |a (051)-048.55  |2 2011 
210 0 |a Zebra  |b (Bojnice) 
222 0 |a Zebra  |b (Bojnice) 
245 0 0 |a Zebra  |b časopis bojnickej ZOO 
260 |a Bojnice  |b Zoologická záhrada Bojnice  |c 2016-2017 
260 3 |3 2/2017-2019  |a Bojnice  |b Národná zoologická záhrada Bojnice 
300 |a 3 zv.  |c 30 cm 
310 |a 2x ročne 
362 0 |a Č. 1 (2016)-č. 1/2 (2019) 
500 |a Evidenčné č.: EV 5355/16 
500 |a Vedúca redaktorka: 2016-2019 , Simona Kubičková 
500 |a Časopis vychádza už iba v elektronickej podobe 
515 |a V r. 2017 vyšlo mimoriadne číslo 
610 2 7 |a Zoologická záhrada (Bojnice, Slovensko)  |2 SNKKA  |9 75128 
650 0 7 |a zoologické záhrady  |2 SNKPH  |9 69911 
650 0 7 |a zoológia  |2 SNKPH  |9 699 
650 0 7 |a zvieratá  |2 SNKPH  |9 1091 
650 0 7 |a starostlivosť o zvieratá  |2 SNKPH  |9 31078 
655 7 |a špecializované časopisy  |2 SNKPH  |9 70509 
700 1 |a Kubíčková, Simona  |4 pbd  |9 270849 
710 2 |a Zoologická záhrada (Bojnice, Slovensko)  |4 pbl  |9 75128 
910 |a snk 
999 |c 7673  |d 9603 
952 |t č. 1-2  |a SNK  |b SNK  |y PREZ  |7 0  |p 17A1431157  |o snkČSB 7540/2016  |i snk2020/12713  |8 0  |0 0  |1 0  |4 0  |d 2020-07-15  |l 0  |r 2026-02-21 22:02:00  |w 2026-02-21 
952 |t č. 1-2 + mim. č.  |a SNK  |b SNK  |y PREZ  |7 0  |p 17A1431158  |o snkČSB 7540/2/2017  |i snk2020/12714  |8 0  |0 0  |1 0  |4 0  |d 2020-07-15  |l 0  |r 2026-02-21 22:02:00  |w 2026-02-21 
952 |t č. 1-2  |a SNK  |b SNK  |y PREZ  |7 0  |p 17A1431159  |o snkČSB 7540/3/2018  |i snk2020/12715  |8 0  |0 0  |1 0  |4 0  |d 2020-07-15  |l 0  |r 2026-02-21 22:02:00  |w 2026-02-21 
952 |t č. 1-2  |a SNK  |b SNK  |y PREZ  |7 0  |p 17A1431160  |o snkČSB 7540/2016 D1  |i snk2020/12716  |8 0  |0 0  |1 0  |4 0  |d 2020-07-15  |l 0  |r 2026-02-21 22:02:03  |w 2026-02-21 
952 |t č. 1-2 + mim. č.  |a SNK  |b SNK  |y PREZ  |7 0  |p 17A1431161  |o snkČSB 7540/2/2017 D1  |i snk2020/12717  |8 0  |0 0  |1 0  |4 0  |d 2020-07-15  |l 0  |r 2026-02-21 22:02:03  |w 2026-02-21 
952 |t č. 1-2  |a SNK  |b SNK  |y PREZ  |7 0  |p 17A1431162  |o snkČSB 7540/3/2018 D1  |i snk2020/12718  |8 0  |0 0  |1 0  |4 0  |d 2020-07-15  |l 0  |r 2026-02-21 22:02:03  |w 2026-02-21